Brazil Brand Logos! - Statistics

General Stats
  • This quiz has been taken 177 times
  • The average score is 9 of 10
Answer Stats
Picture Answer % Correct
Itau
97%
Petrobras
93%
Oi
91%
Vivo
90%
Banco Do Brasil
89%
Bradesco
89%
Skol
89%
Vale
82%
Azul
81%
Souza Cruz
64%
No matching quizzes found
Score Distribution
Percent of People with Each Score
Percentile by Number Answered
Your Score History
You have not taken this quiz